|
|
|
|
| LEADER |
01071nam a2200277 a 4500 |
| 001 |
16566041 |
| 008 |
130728s2012 enka b 001 0 eng d |
| 010 |
|
|
|a 2010050710
|
| 020 |
|
|
|a 9780415405157 (hbk.)
|
| 020 |
|
|
|a 9780415405164 (pbk.)
|
| 020 |
|
|
|a 9780203813782 (ebook)
|
| 040 |
|
|
|a DLC
|c DLC
|d DLC
|d BD-DhAAL.
|
| 082 |
0 |
0 |
|a 338
|2 22
|
| 100 |
1 |
|
|a Mitra, Jay.
|
| 245 |
1 |
0 |
|a Entrepreneurship, innovation and regional development :
|b an introduction /
|c Jay Mitra.
|
| 260 |
|
|
|a Abingdon, Oxon ;
|a New York :
|b Routledge,
|c c2012.
|
| 300 |
|
|
|a xi, 341 p. :
|b ill. ;
|c 25 cm.
|
| 504 |
|
|
|a Includes bibliographical references and index.
|
| 541 |
|
|
|e 00027289
|
| 650 |
|
0 |
|a Entrepreneurship.
|
| 650 |
|
0 |
|a Technological innovations
|x Economic aspects.
|
| 650 |
|
0 |
|a Regional economics.
|
| 650 |
|
0 |
|a Economic development.
|
| 852 |
1 |
|
|a Ayesha Abed Library
|j General shelf.
|
| 999 |
|
|
|c 13755
|d 13755
|
| 952 |
|
|
|0 0
|1 0
|4 0
|6 338_000000000000000_MIT
|7 0
|9 23011
|a IGS
|b IGS
|c GEN
|d 2013-07-28
|e Karim International
|g 4300.00
|l 0
|o 338 MIT
|p 3010027289
|r 2013-07-28
|t 1
|w 0000-00-00
|y BK
|x Available
|